Vybrané ukazovatele o zdravotných poisťovniach, Sociálnej poisťovni a Národnom úrade práce za 1. štvrťrok 1999

Na minha lista:
Detalhes bibliográficos
Formato: Livro
Idioma:eslovaco
Publicado em: Bratislava Štatistický úrad Slovenskej republiky 1999
Colecção:Financie a investície
Tags: Adicionar Tag
Sem tags, seja o primeiro a adicionar uma tag!

MARC

LEADER 00000nam$a2200000$$$4500
001 0022730
005 20260213072053.8
041 0 |a slo 
044 |a SK 
245 1 0 |a Vybrané ukazovatele o zdravotných poisťovniach, Sociálnej poisťovni a Národnom úrade práce za 1. štvrťrok 1999 
264 1 |a Bratislava  |b Štatistický úrad Slovenskej republiky  |c 1999 
300 |a 22 s. 
490 1 |a Financie a investície 
830 0 |a Financie a investície